LEADER 01115nam a2200265 4500 001 000000362112 003 CaOOAMICUS 005 20250711101202.0 008 250312s2005 it 000 u ita r 020 $a88-211-6341-5 040 $aSeMil$bita 100 1 $aBori, Pier Cesare,$d<1937-2012>.$0(OLS)http://semarc/name/23603 245 10$aIncipit :$bcinquant'anni, cinquanta libri : 1953-2003 /$cPier Cesare Bori. 264 1$aGenova ; Milano :$bMarietti,$c2005. 300 $a276 p. ;$c18 cm 490 1 $aI rombi. Nuova serie ;$v40 650 4$aLettura - Bibliografie.$0(OLS)http://semarc/subject/58078 830 2$aI rombi. Nuova serie ;$v40.$0(OLS)http://semarc/title/16045 850 $aSeMil 852 $aSeMil$W1$xVenegono$y1$m3Y I 90$j259555$B253047$CSeMilBibl$Z2$F253047 $81 961 $aBuzzi mons. Franco - Omaggio 996 $6020$a88-211-6341-5$9(OLS)http://semarc/number/302741 996 $6245$aIncipit :$bcinquant'anni, cinquanta libri : 1953-2003$9(OLS)http://semarc/title/452974 996 $6264$aGenova ; Milano :$bMarietti$9(OLS)http://semarc/publisher/33327 LEADER 01341nam a2200277 i 4500 001 000000079812 003 CaOOAMICUS 005 20181204123303.0 008 170515s2008 it u000 u ita u 013 $a52050 020 $a978-88-89241-42-4 040 $aSeMil$bita 100 1 $aRossi de Gasperis, Francesco,$c.$0(OLS)http://semarc/name/3731 245 10$aÈ risorto non è qui! È vivo per sempre! :$bcome lo si può "vedere"? Dove possiamo incontrarlo? : Una Lectio sui Vaangeli della Risurrezione /$cFrancesco Rossi de Gasperis. 260 $aBologna :$bPardes,$c2008. 300 $a156 p. ;$c17 cm. 490 0 $aLaboratorio [Pardes] ;$v14 650 4$aBibbia - NT - Risurrezione.$0(OLS)http://semarc/subject/4664 830 0$aLaboratorio ;$v14.$0(OLS)http://semarc/title/420210 850 $aSeMil 852 $aSeMil$W1$xVenegono$y1$m2W I 257$j45441$B45441$CSeMilBibl$Z2$F47409 $81 961 $aLascito: Coronelli don Renato 996 $6020$a978-88-89241-42-4$9(OLS)http://semarc/number/270623 996 $6245$aÈ risorto non è qui! È vivo per sempre! :$bcome lo si può "vedere"? Dove possiamo incontrarlo? : Una Lectio sui Vaangeli della Risurrezione$9(OLS)http://semarc/title/403653 996 $6260$aBologna :$bPardes$9(OLS)http://semarc/publisher/34230